| 000 | 00616nam a2200253Ia 4500 | ||
|---|---|---|---|
| 008 | 160803s9999 xx 000 0 und d | ||
| 020 | _a9780439256353 | ||
| 100 | _aHoffman, Alice | ||
| 245 | _aIndigo / | ||
| 245 | _cAlice Hoffman. | ||
| 260 | _aNew York : | ||
| 260 | _bScholastic Inc. | ||
| 260 | _c2002 | ||
| 300 | _a84 pages : | ||
| 300 | _billustrations ; | ||
| 300 | _c18 cm | ||
| 650 | _aFriendship -- | ||
| 650 | _aRunaway children -- | ||
| 650 | _aSelf-perception -- | ||
| 650 | _xJuvenile fiction. | ||
| 650 | _xJuvenile fiction. | ||
| 650 | _xJuvenile fiction. | ||
| 700 | _a980 | ||
| 999 |
_c299814 _d299814 |
||